500 Greatest Albums of All Time - Statistics

General Stats
  • This quiz has been taken 203 times
  • The average score is 132 of 500
Answer Stats
Artist Year Answer % Correct
The Beatles 1969 Abbey Road
87%
Michael Jackson 1982 Thriller
83%
Nirvana 1991 Nevermind
82%
Prince and the Revolution 1984 Purple Rain
80%
Peter Gabriel 1986 So
80%
The Beatles 1968 The White Album
80%
The Beatles 1966 Revolver
75%
Marvin Gaye 1971 What's Going On
75%
Joni Mitchell 1971 Blue
74%
Sonic Youth 1990 Goo
74%
Fleetwood Mac 1977 Rumours
74%
Frank Ocean 2016 Blond
73%
The Beach Boys 1966 Pet Sounds
73%
Radiohead 1997 OK Computer
70%
The Clash 1979 London Calling
69%
Pink Floyd 1973 The Dark Side of the Moon
69%
Led Zeppelin 1969 Led Zeppelin
68%
Arctic Monkeys 2013 AM
67%
Michael Jackson 1987 Bad
67%
Nirvana 1993 In Utero
67%
The Velvet Underground 1969 The Velvet Underground
67%
Bruce Springsteen 1984 Born in the U.S.A.
66%
The Replacements 1984 Let It Be
66%
The Beatles 1970 Let It Be
66%
The Beatles 1965 Rubber Soul
65%
The Beatles 1967 Sgt.Pepper's Lonely Hearts Club Band
65%
Stevie Wonder 1976 Songs in the Key of Life
65%
Amy Winehouse 2006 Back to Black
64%
Lauryn Hill 1998 The Miseducation of Lauryn Hill
64%
Taylor Swift 2012 Red
63%
Kendrick Lamar 2015 To Pimp a Butterfly
63%
Bruce Springsteen 1975 Born to Run
62%
The Eagles 1976 Hotel California
61%
John Lennon 1971 Imagine
61%
Radiohead 2000 Kid A
60%
Michael Jackson 1979 Off the Wall
60%
Pink Floyd 1979 The Wall
60%
Gillian Welch 2001 Time (The Revelator)
60%
Adele 2011 21
59%
Green Day 2004 American Idiot
59%
Led Zeppelin 1971 Led Zeppelin IV
59%
Guns N' Roses 1987 Appetite for Destruction
58%
Jimi Hendrix 1967 Are You Experienced
58%
AC/DC 1980 Back in Black
58%
Bob Dylan 1966 Blonde on Blonde
58%
Kendrick Lamar 2017 DAMN.
57%
Red Hot Chili Peppers 1999 Californication
56%
Green Day 1994 Dookie
56%
Led Zeppelin 1969 Led Zeppelin II
56%
Black Sabbath 1970 Paranoid
56%
Jeff Buckley 1994 Grace
55%
The Beatles 1965 Help!
55%
Metallica 1986 Master of Puppets
55%
The Doors 1967 The Doors
55%
Kanye West 2004 The College Dropout
54%
Weezer 1994 Weezer (The Blue Album)
54%
Queen 1975 A Night at the Opera
53%
The Rolling Stones 1972 Exile on Main Street
53%
Beyonce 2016 Lemonade
53%
The Ramones 1976 Ramones
53%
Pink Floyd 1975 Wish You Were Here
53%
Elton John 1973 Goodbye Yellow Brick Road
52%
Bob Dylan 1965 Highway 61 Revisited
52%
Kanye West 2010 My Beautiful Dark Twisted Fantasy
52%
The Rolling Stones 1971 Sticky Fingers
52%
The Velvet Underground 1967 The Velvet Underground and Nico
52%
Oasis 1995 (What's the Story) Morning Glory?
52%
Black Sabbath 1970 Black Sabbath
51%
Radiohead 2007 In Rainbows
51%
Kanye West 2007 Graduation
50%
David Bowie 1977 Low
50%
Metallica 1991 Metallica (The Black Album)
49%
Carole King 1971 Tapestry
49%
Pearl Jam 1991 Ten
49%
The Clash 1977 The Clash
49%
U2 1987 The Joshua Tree
49%
The Who 1971 Who's Next
49%
Bob Dylan 1975 Blood on the Tracks
48%
Nas 1994 Illmatic
48%
Paul and Linda McCartney 1971 Ram
48%
Radiohead 1995 The Bends
48%
Kendrick Lamar 2012 good kid, m.A.A.d city
47%
Kanye West 2005 Late Registration
47%
Dr. Dre 1992 The Chronic
47%
Jimi Hendrix 1968 Electric Ladyland
46%
Paul Simon 1986 Graceland
46%
N.W.A. 1988 Straight Outta Compton
46%
Eminem 2000 The Marshall Mathers LP
46%
The Beatles 1964 A Hard Day's Night
45%
Alanis Morissette 1995 Jagged Little Pill
45%
Prince 1982 1999
44%
Patti Smith 1975 Horses
44%
Miles Davis 1959 Kind of Blue
44%
The Notorious B.I.G. 1994 Ready to Die
44%
The Band 1969 The Band
44%
Simon and Garfunkel 1970 Bridge Over Troubled Water
43%
The Pixies 1989 Doolittle
43%
Led Zeppelin 1975 Physical Graffiti
43%
Rage Against the Machine 1992 Rage Against the Machine
43%
David Bowie 1976 Station to Station
43%
David Bowie 1972 The Rise and Fall of Ziggy Stardust and the Spiders From Mars
43%
Stevie Wonder 1973 Innervisions
42%
Public Enemy 1988 It Takes a Nation of Millions to Hold Us Back
42%
Van Halen 1978 Van Halen
42%
Taylor Swift 2014 1989
41%
Oasis 1994 Definitely Maybe
41%
George Michael 1987 Faith
41%
Kate Bush 1985 Hounds of Love
41%
The Strokes 2001 Is This It
41%
Blondie 1978 Parallel Lines
41%
OutKast 2000 Stankonia
41%
Kanye West 2013 Yeezus
41%
R.E.M. 1992 Automatic for the People
40%
Miles Davis 1970 Bitches Brew
40%
Red Hot Chili Peppers 1991 Blood Sugar Sex Magik
40%
David Bowie 1971 Hunky Dory
40%
The Sex Pistols 1977 Never Mind the Bollocks Here's the Sex Pistols
40%
Jay-Z 2001 The Blueprint
40%
The Smiths 1986 The Queen Is Dead
40%
The White Stripes 2003 Elephant
39%
Wu-Tang Clan 1993 Enter the Wu-Tang (36 Chambers)
39%
Neil Young 1972 Harvest
39%
The Rolling Stones 1969 Let It Bleed
39%
My Bloody Valentine 1991 Loveless
39%
Talking Heads 1980 Remain in Light
39%
Jay-Z 2003 The Black Album
39%
The Who 1969 Tommy
39%
Beyonce 2013 Beyonce
38%
Bob Marley and the Wailers 1984 Legend
38%
The Stone Roses 1989 The Stone Roses
38%
Bob Marley and the Wailers 1977 Exodus
37%
John Lennon 1970 Plastic Ono Band
37%
U2 1991 Achtung Baby
36%
Snoop Doggy Dogg 1993 Doggystyle
36%
Elliott Smith 1997 Either/Or
36%
Elvis Presley 1956 Elvis Presley
36%
The Cars 1978 The Cars
36%
The Stooges 1969 The Stooges
36%
Billy Joel 1977 The Stranger
36%
Lou Reed 1972 Transformer
36%
Depeche Mode 1990 Violator
36%
Steely Dan 1977 Aja
35%
Joy Division 1980 Closer
35%
The Cure 1989 Disintegration
35%
The Beastie Boys 1986 Licensed to Ill
35%
Bjork 1995 Post
35%
Drake 2011 Take Care
35%
A Tribe Called Quest 1991 The Low End Theory
35%
Eminem 1999 The Slim Shady LP
35%
Frank Ocean 2012 Channel Orange
34%
The Smashing Pumpkins 1993 Siamese Dream
34%
Joy Division 1980 Unknown Pleasures
34%
Daft Punk 2001 Discovery
33%
Led Zeppelin 1973 Houses of the Holy
33%
Neutral Milk Hotel 1998 In the Aeroplane Over the Sea
33%
Television 1977 Marquee Moon
33%
Beastie Boys 1989 Paul's Boutique
33%
Daft Punk 2013 Random Access Memories
33%
My Chemical Romance 2006 The Black Parade
33%
George Harrison 1970 All Things Must Pass
32%
John Coltrane 1965 A Love Supreme
32%
Portishead 1994 Dummy
32%
Blur 1994 Parklife
32%
Nine Inch Nails 1994 The Downward Spiral
32%
Tracy Chapman 1988 Tracy Chapman
32%
OutKast 1998 Aquemini
31%
The Rolling Stones 1968 Beggars Banquet
31%
Public Enemy 1990 Fear of a Black Planet
31%
Madvillain 2004 Madvillainy
31%
The Beatles 1964 Meet the Beatles!
31%
The Clash 1980 Sandinista!
31%
The Police 1983 Synchronicity
31%
D'Angelo 2000 Voodoo
31%
Kanye West 2008 808s & Heartbreak
30%
Coldplay 2002 A Rush of Blood to the Head
30%
Sonic Youth 1988 Daydream Nation
30%
50 Cent 2002 Get Rich or Die Tryin'
30%
Madonna 1989 Like a Prayer
30%
Madonna 1998 Ray of Light
30%
David Bowie 1980 Scary Monsters
30%
Brian Wilson 2004 Smile
30%
The Pixies 1988 Surfer Rosa
30%
Bob Dylan 1963 The Freewheelin' Bob Dylan
30%
Whitney Houston 1985 Whitney Houston
30%
The Eagles 1972 Eagles
29%
Arcade Fire 2004 Funeral
29%
Funkadelic 1971 Maggot Brain
29%
Massive Attack 1998 Mezzanine
29%
The Pretenders 1980 Pretenders
29%
The Bee Gees and Various Artists 1977 Saturday Night Fever
29%
Stevie Wonder 1972 Talking Book
29%
Lil Wayne 2005 Tha Carter II
29%
Billie Eilish 2019 When We All Fall Asleep, Where Do We Go?
29%
Van Morrison 1968 Astral Weeks
28%
Notorious B.I.G. 1997 Life After Death
28%
Black Sabbath 1971 Master of Reality
28%
Bruce Springsteen 1982 Nebraska
28%
New York Dolls 1973 New York Dolls
28%
Lana Del Rey 2019 Norman Fucking Rockwell!
28%
Prince 1987 Sign O' the Times
28%
Curtis Mayfield 1972 Superfly
28%
The Velvet Underground 1968 White Light/White Heat
28%
Neil Young 1970 After the Gold Rush
27%
Johnny Cash 1968 At Folsom Prison
27%
Dire Straits 1985 Brothers in Arms
27%
Pavement 1994 Crooked Rain, Crooked Rain
27%
Cocteau Twins 1990 Heaven or Las Vegas
27%
Bjork 1997 Homogenic
27%
Marvin Gaye 1973 Let's Get It On
27%
R.E.M. 1983 Murmur
27%
Nick Drake 1979 Pink Moon
27%
Pavement 1993 Slanted and Enchanted
27%
The B-52's 1979 The B-52's
27%
Pink Floyd 1967 The Piper at the Gates of Dawn
27%
Blondie 1977 Blondie
26%
Liz Phair 1993 Exile in Guyville
26%
Rush 1981 Moving Pictures
26%
Lil Wayne 2008 Tha Carter III
26%
Wilco 2001 Yankee Hotel Foxtrot
26%
The Rolling Stones 1966 Aftermath
25%
2Pac 1996 All Eyez on Me
25%
Rihanna 2016 Anti
25%
Bob Dylan 1965 Bringing It All Back Home
25%
Cream 1967 Disraeli Gears
25%
J Dilla 2006 Donuts
25%
The Stooges 1970 Fun House
25%
Nirvana 1994 MTV Unplugged in New York
25%
Beck 1996 Odelay
25%
Eric B. and Rakim 1987 Paid in Full
25%
Jay-Z 1996 Reasonable Doubt
25%
The Ramones 1977 Rocket to Russia
25%
Run-DMC 1983 Run-D.M.C.
25%
OutKast 2003 Speakerboxxx/The Love Below
25%
Fiona Apple 1999 When the Pawn...
25%
Roxy Music 1982 Avalon
24%
Tame Impala 2015 Currents
24%
Derek and the Dominos 1970 Layla and Other Assorted Love Songs
24%
GZA 1995 Liquid Swords
24%
Lorde 2017 Melodrama
24%
The Rolling Stones 1978 Some Girls
24%
Leonard Cohen 1967 Songs of Leonard Cohen
24%
Creedence Clearwater Revival 1970 Cosmo's Factory
23%
Crosby, Stills & Nash 1969 Crosby, Stills & Nash
23%
Bruce Springsteen 1978 Darkness on the Edge of Town
23%
Prince 1980 Dirty Mind
23%
Dusty Springfield 1969 Dusty in Memphis
23%
DJ Shadow 1996 Endtroducing.....
23%
Sly and the Family Stone 1970 Greatest Hits
23%
Al Green 1975 Greatest Hits
23%
Aretha Franklin 1967 I Never Loved a Man the Way I Love You
23%
The Velvet Underground 1970 Loaded
23%
Wire 1977 Pink Flag
23%
The Kinks 1969 The Kinks Are the Village Green Preservation Society
23%
The Fugees 1996 The Score
23%
De La Soul 1989 Three Feet High And Rising
23%
Massive Attack 1991 Blue Lines
22%
Lady Gaga 2011 Born This Way
22%
Curtis Mayfield 1970 Curtis
22%
Aretha Franklin 1968 Lady Soul
22%
Hole 1994 Live Through This
22%
Van Morrison 1970 Moondance
22%
Nine Inch Nails 1989 Pretty Hate Machine
22%
Sly and the Family Stone 1971 There's a Riot Goin' On
22%
Yes 1972 Close to the Edge
21%
SZA 2017 Ctrl
21%
Pulp 1995 Different Class
21%
James Brown 1963 Live at the Apollo
21%
X 1980 Los Angeles
21%
PJ Harvey 1993 Rid of Me
21%
Cyndi Lauper 1983 She's So Unusual
21%
Santana 1970 Abraxas
20%
Bo Diddley 1958 Bo Diddley/Go Bo Diddley
20%
T. Rex 1971 Electric Warrior
20%
Dixie Chicks 1999 Fly
20%
Lynyrd Skynyrd 1973 Lynyrd Skynyrd (Pronounced 'Leh-'nerd 'Skin-'nerd)
20%
A Tribe Called Quest 1993 Midnight Marauders
20%
Tom Waits 1985 Rain Dogs
20%
Primal Scream 1991 Screamadelica
20%
Cat Stevens 1970 Tea for the Tillerman
20%
The Who 1967 The Who Sell Out
20%
Elvis Costello 1978 This Year's Model
20%
Motorhead 1980 Ace of Spades
19%
KISS 1975 Alive!
19%
Etta James 1961 At Last!
19%
TLC 1994 CrazySexyCool
19%
Love 1967 Forever Changes
19%
The Byrds 1965 Mr. Tambourine Man
19%
Janis Joplin 1971 Pearl
19%
Devo 1978 Q: Are We Not Men? A: We Are Devo!
19%
Buzzcocks 1979 Singles Going Steady
19%
LCD Soundsystem 2007 Sound of Silver
19%
Fiona Apple 2012 The Idler Wheel
19%
The Modern Lovers 1976 The Modern Lovers
19%
Janet Jackson 1997 The Velvet Rope
19%
Magnetic Fields 1999 69 Love Songs
18%
D'Angelo and the Vanguard 2014 Black Messiah
18%
D'Angelo 1995 Brown Sugar
18%
Usher 2004 Confessions
18%
Janet Jackson 1986 Control
18%
Bon Iver 2008 For Emma
18%
Tom Petty 1989 Full Moon Fever
18%
Elton John 1972 Honky Chateau
18%
Sade 1992 Love Deluxe
18%
The Band 1968 Music From Big Pink
18%
Solange 2016 A Seat at the Table
17%
Shania Twain 1997 Come on Over
17%
Joni Mitchell 1974 Court and Spark
17%
MC5 1969 Kick Out the Jams
17%
LL Cool J 1991 Mama Said Knock You Out
17%
Vampire Weekend 2013 Modern Vampires of the City
17%
PJ Harvey 2000 Stories From the City, Stories From the Sea
17%
Kraftwerk 1977 Trans Europe Express
17%
Tom Petty 1994 Wildflowers
17%
Steely Dan 1972 Can't Buy a Thrill
16%
Tom Petty and the Heartbreakers 1979 Damn the Torpedoes
16%
De La Soul 1991 De La Soul Is Dead
16%
Minutemen 1984 Double Nickels on the Dime
16%
Gang of Four 1979 Entertainment!
16%
Kacey Musgraves 2018 Golden Hour
16%
Drake 2015 If You're Reading This It's Too Late
16%
Frank Sinatra 1955 In the Wee Small Hours
16%
The Breeders 1993 Last Splash
16%
Talking Heads 1978 More Songs About Buildings and Food
16%
Paul Simon 1972 Paul Simon
16%
Run-DMC 1986 Raising Hell
16%
Jefferson Airplane 1967 Surrealistic Pillow
16%
Erykah Badu 1997 Baduizm
15%
Robyn 2010 Body Talk
15%
Lucinda Williams 1998 Car Wheels on a Gravel Road
15%
The Beastie Boys 1992 Check Your Head
15%
Sade 1984 Diamond Life
15%
Yeah Yeah Yeahs 2003 Fever to Tell
15%
Joni Mitchell 1976 Hejira
15%
John Prine 1971 John Prine
15%
The Zombies 1968 Odessey and Oracle
15%
Otis Redding 1965 Otis Blue
15%
New Order 1983 Power, Corruption & Lies
15%
Aerosmith 1976 Rocks
15%
Neil Young 1979 Rust Never Sleeps
15%
Sly and the Family Stone 1969 Stand!
15%
Suicide 1977 Suicide
15%
Mobb Deep 1995 The Infamous
15%
The Go-Go's 1981 Beauty and the Beat
14%
John Coltrane 1960 Giant Steps
14%
Brian Eno 1974 Here Come the Warm Jets
14%
Little Richard 1957 Here's Little Richard
14%
Janet Jackson 1989 Rhythm Nation 1814
14%
Elvis Presley 1976 The Sun Sessions
14%
The Roots 1999 Things Fall Apart
14%
Big Star 1978 Third/Sister Lovers
14%
Grateful Dead 1970 American Beauty
13%
Ice Cube 1990 AmeriKKKa's Most Wanted
13%
Neil Young 1969 Everybody Knows This Is Nowhere
13%
Isaac Hayes 1969 Hot Buttered Soul
13%
Sinead O' Connor 1990 I Do Not Want What I Haven't Got
13%
Boyz II Men 1991 II
13%
The Who 1970 Live at Leeds
13%
Elvis Costello 1977 My Aim Is True
13%
Raekwon 1995 Only Built 4 Cuban Linx
13%
Todd Rundgren 1972 Something/Anything?
13%
Jimmy Cliff and Various Artists 1972 The Harder They Come: Original Soundtrack
13%
Creedence Clearwater Revival 1969 Willy and the Poor Boys
13%
Al Green 1973 Call Me
12%
Black Flag 1981 Damaged
12%
Crosby, Stills, Nash, and Young 1970 Deja Vu
12%
Sleater-Kinney 1997 Dig Me Out
12%
Tori Amos 1992 Little Earthquakes
12%
Missy Elliot 1997 Supa Dupa Fly
12%
Bob Dylan and the Band 1975 The Basement Tapes
12%
Madonna 1990 The Immaculate Collection
12%
The Raincoats 1979 The Raincoats
12%
Bruce Springsteen 1973 The Wild, the Innocent & the E Street Shuffle
12%
Pavement 1995 Wowee Zowee
12%
The Weeknd 2015 Beauty Behind the Madness
11%
Rod Stewart 1971 Every Picture Tells a Story
11%
Herbie Hancock 1973 Head Hunters
11%
Belle and Sebastian 1996 If You're Feeling Sinister
11%
Lucinda Williams 1988 Lucinda Williams
11%
Harry Nilsson 1971 Nilsson Schmilsson
11%
James Taylor 1970 Sweet Baby James
11%
Chuck Berry 1982 The Great Twenty-Eight
11%
Joni Mitchell 1975 The Hissing of Summer Lawns
11%
Dolly Parton 1971 Coat of Many Colors
10%
The Slits 1979 Cut
10%
Fiona Apple 2005 Extraordinary Machine
10%
Marvin Gaye 1978 Here, My Dear
10%
Yo La Tengo 1997 I Can Hear the Heart Beating As One
10%
Willie Nelson 1975 Red Headed Stranger
10%
The Byrds 1968 Sweetheart of the Rodeo
10%
Alicia Keys 2003 The Diary of Alicia Keys
10%
Mariah Carey 2005 The Emancipation of Mimi
10%
Grateful Dead 1970 Workingman's Dead
10%
The Allman Brothers 1971 At Fillmore East
9%
Britney Spears 2007 Blackout
9%
The Jimi Hendrix Experience 1967 Bold as Love
9%
Diana Ross 1980 Diana
9%
Harry Styles 2019 Fine Line
9%
Los Lobos 1984 How Will the Wolf Survive?
9%
Robert Johnson 1961 King of the Delta Blues Singers
9%
Erykah Badu 2000 Mama's Gun
9%
Funkadelic 1978 One Nation Under a Groove
9%
Neil Young 1974 On the Beach
9%
Bill Withers 1972 Still Bill
9%
Neil Young 1975 Tonight's the Night
9%
Brian Eno 1975 Another Green World
8%
M.I.A. 2005 Arular
8%
Rosalia 2018 El Mal Querer
8%
X-Ray Spex 1978 Germfree Adolescents
8%
Dr. John 1968 Gris-Gris
8%
Bob Dylan 1967 John Wesley Harding
8%
Sparks 1974 Kimono My House
8%
Charles Mingus 1959 Mingus Ah Um
8%
Parliament 1975 Mothership Connection
8%
Husker Du 1985 New Day Rising
8%
Ghostface Killah 2000 Supreme Clientele
8%
Mary J. Blige 1992 What's the 411?
8%
Big Star 1972 #1 Record
7%
Big Brother and the Holding Company 1968 Cheap Thrills
7%
John Mayer 2006 Continuum
7%
Bob Dylan 2001 Love and Theft
7%
Stevie Wonder 1972 Music of My Mind
7%
Randy Newman 1972 Sail Away
7%
The Kinks 1968 Something Else by the Kinks
7%
Destiny's Child 1999 The Writing's on the Wall
7%
Hank Williams 1978 40 Greatest Hits
6%
Manu Chao 1998 Clandestino
6%
Loretta Lynn 1971 Coal Miner's Daughter
6%
Toots and the Maytals 1973 Funky Kingston
6%
Kid Cudi 2009 Man on the Moon: The End of the Day
6%
Mary J. Blige 1994 My Life
6%
Bonnie Raitt 1989 Nick of Time
6%
James Brown 1991 Star Time
6%
The Flying Burrito Brothers 1969 The Gilded Palace of Sin
6%
Buddy Holly 1978 20 Golden Greats
5%
Selena 1994 Amor Prohibido
5%
Donna Summer 1975 Bad Girls
5%
Bob Marley and the Wailers 1973 Catch a Fire
5%
Fela Kuti and Africa 70 1975 Expensive Shit
5%
Bill Withers 1971 Just As I Am
5%
Sam Cooke 1985 Live at the Harlem Square Club, 1963
5%
Sheryl Crow 1996 Sheryl Crow
5%
Muddy Waters 2001 The Anthology
5%
Pet Shop Boys 1987 Actually
4%
Jerry Lee Lewis 1993 All Killer No Filler!
4%
Aretha Franklin 1972 Amazing Grace
4%
The Temptations 1973 Anthology
4%
Diana Ross and the Supremes 1974 Anthology
4%
Eric Church 2011 Chief
4%
Can 1972 Ege Bamyasi
4%
Roxy Music 1973 For Your Pleasure
4%
Linda Ronstadt 1975 Heart Like a Wheel
4%
B.B. King 1965 Live at the Regal
4%
Ray Charles 1962 Modern Sounds in Country and Western Music
4%
Aaliyah 1996 One in a Million
4%
Anita Baker 1986 Rapture
4%
The Beach Boys 1965 The Beach Boys Today!
4%
Ornette Coleman 1959 The Shape of Jazz to Come
4%
Nina Simone 1966 Wild Is the Wind
4%
Bad Bunny 2018 X 100pre
4%
The Pharcyde 1992 Bizarre Ride II the Pharcyde
3%
Shakira 1998 Donde Estan los Ladrones
3%
Richard and Linda Thompson 1974 I Want to See the Bright Lights Tonight
3%
The Ronettes 1964 Presenting the Fabulous Ronettes
3%
Big Star 1974 Radio City
3%
Chic 1979 Risque
3%
James Brown 1970 Sex Machine
3%
ABBA 2001 The Definitive Collection
3%
Miranda Lambert 2016 The Weight of These Wings
3%
The Beach Boys 1967 Wild Honey
3%
Rufus, Chaka Khan 1977 Ask Rufus
2%
Daddy Yankee 2004 Barrio Fino
2%
Maxwell 2009 BLACKsummers'night
2%
Boogie Down Productions 1987 Criminal Minded
2%
Elvis Presley 1969 From Elvis in Memphis
2%
Smokey Robinson and the Miracles 1965 Going to a Go Go
2%
Al Green 1972 I'm Still in Love With You
2%
Billie Holiday 1958 Lady in Satin
2%
Howlin' Wolf 1959 Moanin' in the Moonlight
2%
Luther Vandross 1981 Never Too Much
2%
Sam Cooke 2003 Portrait of a Legend
2%
The Four Tops 1967 Reach Out
2%
Ray Charles 1991 The Birth of Soul
2%
The Isley Brothers 1973 3 + 3
1%
Juvenile 1998 400 Degreez
1%
Phil Spector and Various Artists 1991 Back to Mono (1958-1969)
1%
Otis Redding 1966 Dictionary of Soul
1%
Laura Nyro 1968 Eli & the 13th Confession
1%
Roberta Flack 1969 First Take
1%
Alice Coltrane 1971 Journey in Satchidananda
1%
Kelis 1999 Kaleidoscope
1%
Ike and Tina Turner 1991 Proud Mary: The Best of Ike and Tina Turner
1%
Jason Isbell 2013 Southeastern
1%
Earth, Wind, and Fire 1975 That's the Way of the World
1%
King Sunny Ade 2003 The Best of the Classic Years
1%
Patsy Cline 2000 The Ultimate Collection
1%
Aretha Franklin 1972 Young, Gifted and Black
1%
Merle Haggard 1996 Down Every Road 1962-1994
0%
The Meters 1969 Looka Py Py
0%
Various 1972 Nuggets: Original Artyfacts from the First Psychedelic Era
0%
Various Artists 1985 The Indestructible Beat of Soweto
0%
No matching quizzes found
Score Distribution
Percent of People with Each Score
Percentile by Number Answered
Your Score History
You have not taken this quiz